000 01834nam a2200337Ia 4500
999 _c35871
_d35871
001 1762
003 GE_BSU
005 20221227120309.0
008 181216s2000||||ge |||||||||||||| ||geo||
020 _a9992822201
040 _cGE_BSU
041 _ageo
080 _a34(479.22) ქ-27
245 _aქართული სამართლის საფუძვლები /
_c [ავტ. კოლ.: მაყვალა კახაძე, მზია ლეკვეიშვილი, ვალერიან მეტრეველიდა სხვ. ; რედ.: რომან შენგელია].
264 _aთბილისი :
_bმერიდიანი,
_c2000.
300 _a439 გვ.;
_b19 სმ.
653 _aსამართალი
653 _aქართული სამართალი
653 _aსაქართველოს კონსტიტუციური სამართალი
653 _aსამოქალაქო სამართალი
653 _aსაკორპორაციო სამართალი
653 _aსამოქალაქო საპროცესო სამართალი
653 _aშრომის სამართალი
653 _aადმინისტრაციული სამართალი
653 _aსისხლის სამართალი
700 _aკახაძე, მაყვალა
_eავტორი
_912328
700 _aლეკვეიშვილი, მზია
_eავტორი
_916596
700 _aმეტრეველი, ვალერიან
_eავტორი
_97646
700 _aშენგელია, რომან
_eრედაქტორი
_916597
942 _cBK
_2udc